000 01116nam a22003377a 4500
003 CHAP
005 20220817044218.0
008 080509d2005 ii r 00110 eng d
010 _a94782
011 _a95754
020 _a8173196206
035 _a106384
040 _cCHAP
082 0 4 _a574.192
_bS7
100 1 _aSrivastava, M.M.
_eed.
_9109341
245 1 0 _aChemistry for green environment
_c/ed. by M.M. Srivastava and Rashmi Sanghi
260 _aNew Delhi :
_bNarosa Publishing House,
_c2005
300 _axx, 364 p. :
_bgráfs.
590 _aBATCH-UPD
_b10
_c20130110
_lUCH01
_h0755
590 _aBATCH-UPD
_b10
_c20130410
_lUCH01
_h0435
590 _aBATCH-UPD
_b10
_c20130914
_lUCH01
_h0645
590 _aCONVERSION
_b10
_c20130109
_lUCH01
_h1352
650 1 4 _aBioquímica.
_912849
650 1 4 _aDesarrollo sustentable.
650 1 4 _aMedio ambiente
_xConservación.
_974068
650 1 4 _aMedio ambiente
_xContaminación.
_974069
700 1 _aSanghi, Rashmi
_eed.
_9102205
901 _aBK
942 _cLIBRO
949 _a574.192 S7
_bBC
_cLIBRO
_d33724002060777
_eLIBRO
_gI.236321
_h109473
_i106384
_sb
_t$1.740.00
999 _c94782
_d94782